=LDR 00000nam 2200000 4500 =001 INLIS000000000011882 =005 20130612103430 =008 ***********************************Ing** =035 ##$$0010-061300000011882 =041 ##$$a Ing =082 ##$$a 428 =090 ##$$a 428, Eng. e =245 ##$$a Einglish for social science education(MKDU) bahasa Inggris untuk pendidikan Ilmu sosial =260 ##$$a 1996 $b Bandung =300 ##$$a vii, 75 hlm., 28 cm =650 ##$$a Bahasa Inggris =850 ##$$a NBPNMAT